Guidelines for financing a golf course

Bibliographic Details
Format: Book
Published: South US : national Golf Foundation , 1999
Subjects:

MARC

LEADER 00000cam a2200000 7i4500
001 0000012687
005 20050422.0
020 |a 1577011317 
040 |a INS 
090 0 0 |a GV961.   |b G941871999 
245 1 0 |a Guidelines for financing a golf course 
260 |a South US :   |b national Golf Foundation ,   |c 1999 
300 |a 1 :   |b 38p ;   |c 28cm. 
650 0 0 |a Golf 
999 |a 0000009245   |b BOOK   |c Open Shelf   |e Default branch